000 00184 a2200097 4500
020 _a9780812033939
041 _aspa
100 _aMaria Rius
245 _aLa Edad Moderna
942 _cBK
999 _c16037
_d16037